000 02314nam a22002057a 4500
003 OSt
005 20260406083833.0
008 260406b |||||||| |||| 00| 0 SPA d
082 _29586771164
100 _aZamora Editores
245 _aBiblioteca Práctica de Consulta del Nuevo Milenio: Mitología
250 _avolumen 2
260 _aBogotá, Colombia
_bZamora Editores Ltda
_c2000
300 _a 24 x 17 cm
_b400 gramos.
_c180 páginas.
_eIlustraciones: Contiene dibujos y láminas a color que facilitan la comprensión de los mitos y deidades. Cuestionarios y Actividades: Al final de las secciones incluye evaluaciones breves para reafirmar los conocimientos adquiridos. Glosario: Un apartado de términos técnicos sobre religiones y filosofía para ampliar el vocabulario.
490 _3Tapa blanda
520 _aEste volumen de la Biblioteca Práctica de Consulta del Nuevo Milenio es una guía introductoria diseñada para explicar cómo las antiguas civilizaciones interpretaban el mundo a través de lo sagrado y lo fantástico. El libro se divide principalmente en tres grandes ejes: Mitología Clásica y Universal: Explora a fondo los dioses y héroes de la Grecia y Roma antiguas (Zeus, Atenea, Hércules, etc.), detallando sus mitos de creación y las leyendas que explicaban fenómenos naturales. También hace un recorrido breve por mitologías de otras culturas. Historia de las Religiones: Analiza el surgimiento de las grandes creencias espirituales de la humanidad, desde el animismo primitivo hasta las religiones monoteístas modernas, buscando puntos de encuentro entre ellas. Filosofía y Comunicación: Dedica secciones a explicar cómo el pensamiento humano evolucionó del mito al logos (la razón), y cómo el lenguaje y la comunicación han sido herramientas clave para transmitir estas historias de generación en generación. Enfoque pedagógico: A diferencia de un diccionario enciclopédico seco, este tomo utiliza un lenguaje sencillo y didáctico, ideal para estudiantes. Su objetivo es que el lector comprenda que la mitología no son solo "cuentos viejos", sino la base de la cultura, el arte y la literatura occidental.
650 _aMitología comparada
_xDiccionarios, Manuales, Instrucción y estudio
_y 2000
700 _aZamora Editores
942 _2ddc
_cBKA
_n0
999 _c2039
_d2039